• 首页
  • 本馆介绍
  • 公告通知
  • 最新文献
  • 馆藏检索
  • 电子资源
  • 读者导购
  • 参考咨询
  • 我的图书馆
  • 登录
  • 详细信息显示
  • 放入我的书架
  • 预约/预借图书
  • 作者相关作品
  • 分类相关作品
  • 丛书相关作品
  • 出版社相关作品

书目信息

  • 表格格式
  • 工作单格式
  • 卡片格式
题名:
社区康复学
    
 
作者: 付克礼 主编
分册:  
出版信息: 北京   华夏出版社  2013.01
页数: 333页
开本: 26cm
丛书名:
单 册:
中图分类: R492
科图分类:
主题词: 社区--康复医学--医学院校--教材
电子资源:
ISBN: 978-7-5080-7294-4
000 01176nam0 2200265 450
001 0108153915
005 20210322112657.49
010    @a978-7-5080-7294-4@dCNY49.00
100    @a20210307e20202013em y0chiy50 ea
101 0  @achi
102    @aCN@b110000
105    @aa z 000yy
106    @ar
200 1  @a社区康复学@Ashe qu kang fu xue@dCommunity based rehabilitation@f付克礼主编@zeng
205    @a2版
210    @a北京@c华夏出版社@d2013.01@h2020.03
215    @a333页@c图@d26cm
300    @a高等医学院校康复治疗学专业教材
330    @a本书分三个篇章。第一篇为理学疗法(PT)专业和作业疗法(OT)专业合用的社区康复概论,主要介绍当前世界卫生组织等在全球正式发布《社区康复指南-2010》的内容、国内社区康复最新理念和在社区开展的实践活动的建议,以及简要的社区康复管理知识;第二篇是社区理学疗法(PT),重点介绍社区实用的理学疗法技术和常见病、残的理学治疗方法;第三篇是社区作业疗法(OT),重点介绍社区实用的作业疗法技术和常见病、残的作业治疗方法。
510 1  @aCommunity based rehabilitation@zeng
606 0  @a社区@x康复医学@x医学院校@j教材
690    @aR492@v5
701  0 @a付克礼@Afu ke li@4主编
801  0 @aCN@bBJSZM@c20210308
905    @b1272979-82@dR492@e142=2@f4
    
    社区康复学=Community based rehabilitation/付克礼主编.-2版.-北京:华夏出版社,2013.01(2020.03)
    333页:图;26cm
    高等医学院校康复治疗学专业教材
    
    ISBN 978-7-5080-7294-4:CNY49.00
    本书分三个篇章。第一篇为理学疗法(PT)专业和作业疗法(OT)专业合用的社区康复概论,主要介绍当前世界卫生组织等在全球正式发布《社区康复指南-2010》的内容、国内社区康复最新理念和在社区开展的实践活动的建议,以及简要的社区康复管理知识;第二篇是社区理学疗法(PT),重点介绍社区实用的理学疗法技术和常见病、残的理学治疗方法;第三篇是社区作业疗法(OT),重点介绍社区实用的作业疗法技术和常见病、残的作业治疗方法。
●
相关链接 在E读中查询图书 在五车中查询图书 在当当中查询图书 在豆瓣中查询图书


正题名:社区康复学     索取号:R492/142=2         预约/预借

序号 登录号 条形码 馆藏地/架位号 状态 备注
1 1272979   212729797   第二样本阅览室/ [索取号:R492/142=2] 在馆    
2 1272980   212729804   教育系资料室/ [索取号:R492/142=2] 在馆    
3 1272981   212729813   教育系资料室/ [索取号:R492/142=2] 在馆    
4 1272982   212729822   第三借阅区/ [索取号:R492/142=2] 在馆    
唐山师范学院图书馆 欢迎您!
大连网信软件有限公司© 版权所有